000 00311nam a22001337a 4500
008 170623b xxu||||| |||| 00| 0 eng d
020 _a9780072467864
041 _aeng
080 _a328
100 _a21
101 _aSHP
245 _aORGANIZED INTERESTS AND AMERICAN GOVERNMENT
_cLOWERY,D
942 _2udc
_cBK
999 _c18907
_d18907